Religion and modernity in India / (Record no. 140242)

MARC details
000 -LEADER
fixed length control field 00672nam a22002057a 4500
005 - DATE AND TIME OF LATEST TRANSACTION
control field 20170522152411.0
010 ## - LCCN (DPL NO)
LC control number ENG-118288
020 ## - INTERNATIONAL STANDARD BOOK NUMBER
International Standard Book Number 9780199467785
Terms of availability 995.00
035 ## - SYSTEM CONTROL NUMBER
System control number EN-101820
037 ## - SOURCE OF ACQUISITION
Source of stock number/acquisition DBAD/PUB
082 ## - DEWEY DECIMAL CLASSIFICATION NUMBER
Classification number 306.60954
245 ## - TITLE STATEMENT
Title Religion and modernity in India /
Statement of responsibility, etc edited by Shekhar Bandyopadhyay [and] Aloka Parasher Sen
260 ## - PUBLICATION, DISTRIBUTION, ETC. (IMPRINT)
Place of publication, distribution, etc New Delhi
Name of publisher, distributor, etc Oxford University Press
Date of publication, distribution, etc 2017
270 ## - ADDRESS
Address YMCA Library Building,1 Jai Singh Road
City New Delhi
Postal code 110001
300 ## - PHYSICAL DESCRIPTION
Extent xi,323p.
Dimensions 23cm.(Hb)
500 ## - GENERAL NOTE
General note Includes index
700 ## - ADDED ENTRY--PERSONAL NAME
Personal name Bandyopadhyay,Shekhar
700 ## - ADDED ENTRY--PERSONAL NAME
Personal name Parasher Sen,Aloka
942 ## - ADDED ENTRY ELEMENTS (KOHA)
Source of classification or shelving scheme Dewey Decimal Classification
Item type English Books
Classification part 306.60954
Call number suffix REL
Holdings
Withdrawn status Lost status Not for loan Collection code Home library Current library Date acquired Source of acquisition Cost, normal purchase price Full call number Barcode Copy number Cost, replacement price Koha item type
      Non-fiction Patel Nagar Patel Nagar 22/05/2017 DBAD/PUB 950.00 306.60954 REL EN-101820 1 950.00 English Books

© Delhi Public Library
Hit Counter
free hit counter